000 00638nam a22002057a 4500
005 20251108172239.0
008 250721s1986 xx 000 0 ara d
082 1 4 _a811.8962/طه
100 1 _aوادي، طه
245 1 0 _aالشعر و الشعراء المجهولون في القرن التاسع عشر /
264 1 _aالدوحة :
_bدار الثقافة للنشر،
_c1986.
300 _a576ص
650 1 7 _aالشعراء العرب
650 1 7 _aالتراجم
650 1 7 _aالشعر العربي
650 1 7 _aالعصر الحديث
650 1 7 _aالنقد الأدبي
942 _2ddc
_cBK
999 _c74154
_d74154